[Event "Dulles Skyline op-A"]
[Site "Dulles"]
[Date "2022.10.09"]
[Round "3"]
[White "Kraai, Jesse"]
[Black "Prem, Pranav"]
[Result "1-0"]
[WhiteElo "2407"]
[BlackElo "2028"]
[PlyCount "107"]
[EventDate "2022.10.08"]
[EventType "swiss"]
[EventRounds "6"]
[EventCountry "USA"]
[SourceTitle "CBM 210 Extra"]
[Source "ChessBase"]
[SourceDate "2022.11.30"]
[SourceVersion "1"]
[SourceVersionDate "2022.11.30"]
[SourceQuality "1"]

1. d4 d5 2. Nf3 Nf6 3. Bf4 e6 4. e3 Bd6 5. Bxd6 Qxd6 6. c4 b6 7. Nc3 Bb7 8. Rc1 a6 9. cxd5 exd5 10. Be2 Nbd7 11. 0-0 0-0 12. Qb3 Rac8 13. Rc2 c5 14. dxc5 Nxc5 15. Qb4 a5 16. Qa3 Rfe8 17. Rd1 Qe6 18. Nd4 Qe5 19. Na4 Ncd7 20. Rxc8 Rxc8 21. h3 g6 22. Bb5 Rc7 23. f4 Qh5 24. Be2 Qh4 25. Qd6 Qf2+ 26. Kxf2 Ne4+ 27. Kf3 Nxd6 28. g4 Nc4 29. b3 Nd6 30. g5 h6 31. h4 Kh7 32. Bd3 Ne4 33. Bb5 Bc8 34. Rg1 Ndc5 35. Nxb6 Be6 36. Rc1 Rb7 37. Na4 Nd2+ 38. Ke2 Nce4 39. Rc2 Bg4+ 40. Kd3 Nb1 41. Bc6 Re7 42. Bxd5 Ng3 43. e4 Bh3 44. Rh2 Bf1+ 45. Kc2 Na3+ 46. Kb2 Nb5 47. Nxb5 Bxb5 48. Nc3 Ba6 49. Rf2 Kg7 50. Rf3 Nh5 51. Ka3 f6 52. Ka4 hxg5 53. hxg5 Bc8 54. Kxa5 1-0

[Event "USA-ch Online Swiss 2400+"]
[Site "Chess.com INT"]
[Date "2020.11.29"]
[Round "1"]
[White "Kraai, Jesse"]
[Black "Narayanan, Samrug"]
[Result "1/2-1/2"]
[WhiteElo "2429"]
[BlackElo "2100"]
[PlyCount "109"]
[EventDate "2020.11.29"]
[EventType "swiss (blitz)"]
[EventRounds "12"]
[EventCountry "USA"]
[SourceTitle "CBM 199 Extra"]
[Source "ChessBase"]
[SourceDate "2021.01.31"]
[SourceVersion "1"]
[SourceVersionDate "2021.01.31"]
[SourceQuality "1"]

1. Nf3 d5 2. c4 e6 3. g3 Nf6 4. Bg2 dxc4 5. Qa4+ Nbd7 6. Qxc4 c5 7. 0-0 b6 8. d4 Bb7 9. Nc3 Rc8 10. Rd1 cxd4 11. Qxd4 Bc5 12. Qa4 0-0 13. Ne5 Bxg2 14. Kxg2 Rc7 15. Bf4 Qa8+ 16. f3 Nxe5 17. Bxe5 Rb7 18. Bxf6 gxf6 19. Qf4 Be7 20. Ne4 f5 21. Nd6 Bxd6 22. Rxd6 Qe8 23. Rad1 Qe7 24. h3 Re8 25. g4 Qf6 26. R1d2 Rbe7 27. g5 Qg7 28. h4 h6 29. Kf2 hxg5 30. hxg5 Qh8 31. Rd8 Qg7 32. Qb8 Qf8 33. f4 e5 34. fxe5 Rxe5 35. Rxe8 Rxe8 36. Qd6 Qxd6 37. Rxd6 Re5 38. Kf3 Kg7 39. e3 Rc5 40. Rd7 Ra5 41. a3 Kg6 42. Kf4 Ra4+ 43. b4 Rxa3 44. Rd6+ Kg7 45. Kxf5 Rxe3 46. Rd7 a5 47. bxa5 bxa5 48. g6 Rf3+ 49. Ke4 Rf6 50. gxf7 Rxf7 51. Rxf7+ Kxf7 52. Kd5 a4 53. Kc4 a3 54. Kb3 a2 55. Kxa2 1/2-1/2

[Event "USA-ch Online Swiss 2400+"]
[Site "Chess.com INT"]
[Date "2020.11.29"]
[Round "5"]
[White "Tanenbaum, Zachary Chen"]
[Black "Kraai, Jesse"]
[Result "1-0"]
[WhiteElo "2137"]
[BlackElo "2429"]
[PlyCount "119"]
[EventDate "2020.11.29"]
[EventType "swiss (blitz)"]
[EventRounds "12"]
[EventCountry "USA"]
[SourceTitle "CBM 199 Extra"]
[Source "ChessBase"]
[SourceDate "2021.01.31"]
[SourceVersion "1"]
[SourceVersionDate "2021.01.31"]
[SourceQuality "1"]

1. e4 e6 2. d4 d5 3. Nc3 Nf6 4. Bg5 dxe4 5. Nxe4 Be7 6. Bxf6 Bxf6 7. Nf3 0-0 8. c3 b6 9. Bd3 Bb7 10. Qe2 Nd7 11. 0-0-0 Be7 12. h4 c5 13. dxc5 Qc7 14. Neg5 Nf6 15. Bc2 Bxc5 16. Kb1 Bxf3 17. Qxf3 Rad8 18. Ne4 Be7 19. Nxf6+ Bxf6 20. Qe4 g6 21. h5 Rxd1+ 22. Rxd1 Rd8 23. Rh1 Qe5 24. hxg6 hxg6 25. Qf3 Bg7 26. a3 b5 27. Rd1 Rxd1+ 28. Qxd1 Bf6 29. Bd3 a5 30. Qe2 Qc5 31. Bxb5 Kg7 32. Bd3 Qb6 33. Kc2 Qc6 34. Qe4 Qc5 35. Qe3 Qc6 36. g3 Qa4+ 37. Kc1 Qc6 38. Qe4 Qc5 39. Qf3 Qg5+ 40. Kc2 Qe5 41. Qe2 Qc5 42. f4 Qg1 43. g4 g5 44. fxg5 Bxg5 45. Qe4 Qf2+ 46. Kb1 Qb6 47. a4 Bf6 48. Qh7+ Kf8 49. Bb5 Qg1+ 50. Ka2 Qxg4 51. Qh6+ Bg7 52. Qe3 Bf6 53. Qb6 Qf4 54. Qxa5 Qd2 55. Qb4+ Kg7 56. a5 e5 57. a6 e4 58. a7 Qd5+ 59. Qc4 Qb7 60. Qa4 1-0

[Event "Titled Tuesday intern op 15th Sept"]
[Site "Chess.com INT"]
[Date "2020.09.15"]
[Round "1"]
[White "Idrisova, Roza"]
[Black "Kraai, Jesse"]
[Result "1/2-1/2"]
[WhiteElo "1960"]
[BlackElo "2429"]
[PlyCount "115"]
[EventDate "2020.09.15"]
[EventType "swiss (blitz)"]
[EventRounds "10"]
[EventCountry "USA"]
[SourceTitle "CBM 198 Extra"]
[Source "ChessBase"]
[SourceDate "2020.11.30"]
[SourceVersion "1"]
[SourceVersionDate "2020.11.30"]
[SourceQuality "1"]

1. d4 d6 2. c3 Nf6 3. Nf3 g6 4. Bg5 Bg7 5. Nbd2 0-0 6. e4 c5 7. Be2 Nc6 8. d5 Nb8 9. h3 h6 10. Bh4 Nh5 11. 0-0 Nd7 12. Nh2 Nf4 13. Bg3 g5 14. Ng4 Ne5 15. Nxe5 dxe5 16. Bg4 e6 17. dxe6 Bxe6 18. Bxe6 fxe6 19. Bxf4 exf4 20. Nc4 b5 21. Na3 a6 22. Qg4 Qe7 23. Rad1 Rad8 24. Nc2 a5 25. a3 a4 26. Rxd8 Rxd8 27. Rd1 Rd6 28. Qe2 Qd7 29. Rxd6 Qxd6 30. Kf1 Be5 31. Qxb5 Kg7 32. Ke2 h5 33. Ne1 g4 34. hxg4 hxg4 35. Nd3 Bf6 36. f3 g3 37. Nxc5 Kg6 38. Nd3 e5 39. Qxa4 Qb6 40. Qe8+ Kh6 41. Qf8+ Bg7 42. Qc5 Qb3 43. Kd2 Qa2 44. Qd6+ Kh7 45. Kc2 Qa1 46. Nxe5 Qf1 47. Qg6+ Kh8 48. Nf7+ Kg8 49. Nh6+ Kh8 50. Nf5 Qe2+ 51. Kb3 Qb5+ 52. Kc2 Qe2+ 53. Kb1 Qf1+ 54. Ka2 Qc4+ 55. Kb1 Qf1+ 56. Ka2 Qc4+ 57. Ka1 Qf1+ 58. Ka2 1/2-1/2

[Event "Titled Tuesday intern op 15th Sept"]
[Site "Chess.com INT"]
[Date "2020.09.15"]
[Round "9"]
[White "Kraai, Jesse"]
[Black "Mickiewicz, Piotr"]
[Result "0-1"]
[WhiteElo "2429"]
[BlackElo "2186"]
[PlyCount "62"]
[EventDate "2020.09.15"]
[EventType "swiss (blitz)"]
[EventRounds "10"]
[EventCountry "USA"]
[SourceTitle "CBM 198 Extra"]
[Source "ChessBase"]
[SourceDate "2020.11.30"]
[SourceVersion "1"]
[SourceVersionDate "2020.11.30"]
[SourceQuality "1"]

1. e4 Nc6 2. Nf3 d6 3. Be2 Nf6 4. d3 e5 5. 0-0 g6 6. c3 Bg7 7. b4 a6 8. Nbd2 0-0 9. Bb2 Re8 10. Re1 d5 11. Bf1 h6 12. a3 Be6 13. g3 Qd7 14. exd5 Nxd5 15. c4 Nde7 16. Nxe5 Nxe5 17. Bxe5 Bxe5 18. Rxe5 Nc6 19. Re1 Nd4 20. Bg2 Bg4 21. f3 Rxe1+ 22. Qxe1 Nc2 23. Qf2 Nxa1 24. fxg4 Qxd3 25. Bd5 Rf8 26. Ne4 Nc2 27. Nf6+ Kg7 28. Ne8+ Kg8 29. Nf6+ Kh8 30. Nd7 Ne3 31. Nxf8 Qd1+ 0-1

[Event "Titled Tuesday intern op 08th Sept"]
[Site "Chess.com INT"]
[Date "2020.09.08"]
[Round "7"]
[White "Kraai, Jesse"]
[Black "Jakubowska, Anna"]
[Result "1-0"]
[WhiteElo "2429"]
[BlackElo "2073"]
[PlyCount "65"]
[EventDate "2020.09.08"]
[EventType "swiss (blitz)"]
[EventRounds "10"]
[EventCountry "USA"]
[SourceTitle "CBM 198 Extra"]
[Source "ChessBase"]
[SourceDate "2020.11.30"]
[SourceVersion "1"]
[SourceVersionDate "2020.11.30"]
[SourceQuality "1"]

1. Nf3 d5 2. c4 c6 3. e3 Nf6 4. Nc3 e6 5. b3 Bd6 6. Bb2 0-0 7. Qc2 Nbd7 8. g4 e5 9. g5 Ne4 10. Nxe4 dxe4 11. Qxe4 Nc5 12. Qc2 e4 13. Nd4 Qxg5 14. b4 Nd3+ 15. Bxd3 exd3 16. Qxd3 Bxb4 17. 0-0-0 Qa5 18. Rhg1 g6 19. h4 Qxa2 20. h5 b5 21. hxg6 fxg6 22. Rxg6+ Kf7 23. Nxc6 Qxc4+ 24. Qxc4+ bxc4 25. Rh6 Bf5 26. Nxb4 Bg6 27. Rh4 a5 28. Rf4+ Ke6 29. Nc6 Rxf4 30. exf4 Rc8 31. Re1+ Kf5 32. Ne7+ Kxf4 33. Nxc8 1-0

[Event "Titled Tuesday intern op 01st Sept"]
[Site "Chess.com INT"]
[Date "2020.09.01"]
[Round "2"]
[White "Kraai, Jesse"]
[Black "Jobava, Baadur"]
[Result "1/2-1/2"]
[WhiteElo "2429"]
[BlackElo "2603"]
[PlyCount "111"]
[EventDate "2020.09.01"]
[EventType "swiss (blitz)"]
[EventRounds "10"]
[EventCountry "USA"]
[SourceTitle "CBM 198 Extra"]
[Source "ChessBase"]
[SourceDate "2020.11.30"]
[SourceVersion "1"]
[SourceVersionDate "2020.11.30"]
[SourceQuality "1"]

1. d4 d5 2. c4 c6 3. cxd5 cxd5 4. Nc3 Nf6 5. Bf4 Nc6 6. e3 a6 7. Bd3 Bg4 8. f3 Bh5 9. Qb3 Ra7 10. Nge2 e6 11. 0-0 Bg6 12. Bxg6 hxg6 13. Rac1 Bd6 14. Na4 Bxf4 15. Nxf4 Qd6 16. Nc5 Nxd4 17. Nxb7 Ne2+ 18. Nxe2 Qxh2+ 19. Kf2 Qh4+ 20. Ng3 0-0 21. Rh1 Qg5 22. Qb6 Raa8 23. Nd6 Rab8 24. Qd4 e5 25. Qh4 Rxb2+ 26. Ne2 Qxh4+ 27. Rxh4 Rxa2 28. Rch1 Nh5 29. g4 Rxe2+ 30. Kxe2 Ng3+ 31. Kf2 Nxh1+ 32. Rxh1 Rd8 33. Rh8+ Kxh8 34. Nxf7+ Kg8 35. Nxd8 a5 36. Ke2 a4 37. Nc6 a3 38. Nb4 Kf7 39. Kd3 Kf6 40. Nxd5+ Kg5 41. Nc3 Kh4 42. Ke4 Kg3 43. g5 Kf2 44. f4 exf4 45. exf4 Kg3 46. Ke3 Kg4 47. Na2 Kg3 48. Ke4 Kg4 49. Nb4 Kg3 50. Ke5 Kg4 51. Ke4 Kg3 52. Na2 Kg4 53. Nc1 Kg3 54. Ke3 Kg4 55. Na2 Kg3 56. Ke4 1/2-1/2

[Event "Titled Tuesday intern op 01st Sept"]
[Site "Chess.com INT"]
[Date "2020.09.01"]
[Round "4"]
[White "Langner, Ladislav"]
[Black "Kraai, Jesse"]
[Result "1-0"]
[WhiteElo "2377"]
[BlackElo "2429"]
[PlyCount "153"]
[EventDate "2020.09.01"]
[EventType "swiss (blitz)"]
[EventRounds "10"]
[EventCountry "USA"]
[SourceTitle "CBM 198 Extra"]
[Source "ChessBase"]
[SourceDate "2020.11.30"]
[SourceVersion "1"]
[SourceVersionDate "2020.11.30"]
[SourceQuality "1"]

1. e4 d6 2. d4 Nf6 3. Nc3 e5 4. Nf3 Nbd7 5. Bc4 Be7 6. 0-0 0-0 7. Re1 c6 8. a4 Qc7 9. h3 b6 10. b3 a6 11. d5 Bb7 12. dxc6 Bxc6 13. Nd5 Bxd5 14. Bxd5 Nxd5 15. exd5 Rae8 16. c4 f5 17. Bg5 h6 18. Bxe7 Rxe7 19. Qc2 a5 20. Nh4 Ref7 21. Ng6 Re8 22. f4 e4 23. Qf2 Nc5 24. Re3 Nd3 25. Qg3 Qc5 26. h4 Qd4 27. Rf1 Kh7 28. h5 Rf6 29. Kh2 Qb2 30. Qh3 Qxb3 31. Nh4 Ref8 32. Qg3 Qxc4 33. Rb1 Qxd5 34. Rxb6 R8f7 35. Rb8 Rb7 36. Rc8 Qf7 37. Ng6 Rxg6 38. hxg6+ Qxg6 39. Rh8+ Kxh8 40. Qxg6 Nxf4 41. Qe8+ Kh7 42. Rxe4 fxe4 43. Qxe4+ Ng6 44. Qxb7 Ne5 45. Qa6 d5 46. Qxa5 Ng6 47. Qxd5 Ne7 48. Qb7 Ng6 49. a5 Ne5 50. a6 Ng4+ 51. Kg3 Ne3 52. a7 Nf5+ 53. Kf2 Nd6 54. a8Q Nxb7 55. Qxb7 Kg6 56. Qb3 Kf6 57. Qc3+ Kf5 58. Qc2+ Kg5 59. Qb2 g6 60. Qc2 h5 61. Qc5+ Kf6 62. g3 g5 63. Kf3 Kg6 64. Qd6+ Kf5 65. Qd5+ Kf6 66. Qd6+ Kf5 67. Qd3+ Ke5 68. Qb5+ Kf6 69. g4 hxg4+ 70. Kxg4 Ke6 71. Qxg5 Kd6 72. Qf5 Ke7 73. Qg6 Kf8 74. Qh7 Ke8 75. Kf5 Kd8 76. Ke6 Kc8 77. Kd6 1-0

[Event "Titled Tuesday intern op 25th Aug"]
[Site "Chess.com INT"]
[Date "2020.08.25"]
[Round "6"]
[White "Kraai, Jesse"]
[Black "Perez Rodriguez, Luis Manuel"]
[Result "0-1"]
[WhiteElo "2429"]
[BlackElo "2324"]
[PlyCount "90"]
[EventDate "2020.08.25"]
[EventType "swiss (blitz)"]
[EventRounds "10"]
[EventCountry "USA"]
[SourceTitle "CBM 198 Extra"]
[Source "ChessBase"]
[SourceDate "2020.11.30"]
[SourceVersion "1"]
[SourceVersionDate "2020.11.30"]
[SourceQuality "1"]

1. d4 d5 2. c4 c6 3. Nc3 Nf6 4. cxd5 cxd5 5. Bf4 Nc6 6. e3 a6 7. Bd3 Bg4 8. Nge2 e6 9. 0-0 Be7 10. f3 Bh5 11. Bg3 Bg6 12. Nf4 0-0 13. Nxg6 hxg6 14. Rc1 Rc8 15. Na4 Nd7 16. a3 b5 17. Nc5 Nxc5 18. dxc5 Bf6 19. Qe2 Ne5 20. b4 Nc4 21. Bxc4 dxc4 22. Rfd1 Qe8 23. Bd6 Be7 24. e4 Bxd6 25. Rxd6 a5 26. Rcd1 axb4 27. axb4 Qe7 28. Rd7 Qf6 29. e5 Qf5 30. Qe4 Qg5 31. f4 Qh5 32. Qf3 Qf5 33. Rb7 Rfd8 34. Rd6 Qb1+ 35. Qf1 Qxb4 36. Qf2 Qb1+ 37. Qf1 Qb4 38. Qf2 c3 39. h3 Qb1+ 40. Kh2 c2 41. Rxd8+ Rxd8 42. Qh4 Rf8 43. Qe7 c1Q 44. Qxf8+ Kxf8 45. Rb8+ Ke7 0-1

[Event "Titled Tuesday intern op 25th Aug"]
[Site "Chess.com INT"]
[Date "2020.08.25"]
[Round "7"]
[White "Sihite, Chelsie Monica"]
[Black "Kraai, Jesse"]
[Result "1-0"]
[WhiteElo "2252"]
[BlackElo "2429"]
[PlyCount "99"]
[EventDate "2020.08.25"]
[EventType "swiss (blitz)"]
[EventRounds "10"]
[EventCountry "USA"]
[SourceTitle "CBM 198 Extra"]
[Source "ChessBase"]
[SourceDate "2020.11.30"]
[SourceVersion "1"]
[SourceVersionDate "2020.11.30"]
[SourceQuality "1"]

1. c4 b6 2. Nc3 Bb7 3. Nf3 e6 4. g3 Bxf3 5. exf3 Nf6 6. Bg2 d5 7. 0-0 c6 8. cxd5 cxd5 9. d4 Be7 10. f4 0-0 11. Qd3 g6 12. h3 Nc6 13. g4 Bb4 14. f5 exf5 15. gxf5 Bxc3 16. bxc3 Nh5 17. Re1 Qd7 18. Qf3 Ne7 19. Bg5 Nxf5 20. Qxd5 Qxd5 21. Bxd5 Rac8 22. Rac1 h6 23. Bd2 Nf6 24. Bb3 Kg7 25. Bf4 Nh5 26. Be5+ f6 27. Bh2 Rfe8 28. Be6 Rcd8 29. Bc7 Ra8 30. Bd7 Rxe1+ 31. Rxe1 Kf7 32. Be6+ Kf8 33. Bxf5 gxf5 34. Bd6+ Kg8 35. Kg2 Rc8 36. Re3 Rc6 37. Bb8 a6 38. Kf3 Kf7 39. a4 Ng7 40. d5 Rc8 41. Bf4 Rd8 42. c4 Rd7 43. Rb3 Rb7 44. c5 Ne8 45. c6 Ra7 46. Rxb6 Ke7 47. a5 Nd6 48. Be3 Ra8 49. Bc5 Rc8 50. Rb7+ 1-0

[Event "Titled Tuesday intern op 25th Aug"]
[Site "Chess.com INT"]
[Date "2020.08.25"]
[Round "5"]
[White "Vastrukhin, Oleg"]
[Black "Kraai, Jesse"]
[Result "1-0"]
[WhiteElo "2401"]
[BlackElo "2429"]
[PlyCount "67"]
[EventDate "2020.08.25"]
[EventType "swiss (blitz)"]
[EventRounds "10"]
[EventCountry "USA"]
[SourceTitle "CBM 198 Extra"]
[Source "ChessBase"]
[SourceDate "2020.11.30"]
[SourceVersion "1"]
[SourceVersionDate "2020.11.30"]
[SourceQuality "1"]

1. Nf3 b6 2. g3 Bb7 3. Bg2 Nf6 4. 0-0 g6 5. d3 Bg7 6. e4 0-0 7. Nfd2 d5 8. Nc3 e6 9. a4 c5 10. a5 Nbd7 11. a6 Bc6 12. exd5 exd5 13. d4 Qc7 14. Nf3 Rad8 15. Bf4 Qc8 16. Re1 Rfe8 17. h3 Ne4 18. Be3 Nxc3 19. bxc3 Bb5 20. h4 h6 21. Qd2 Kh7 22. h5 g5 23. Bxg5 hxg5 24. Nxg5+ Kg8 25. Bxd5 Rxe1+ 26. Rxe1 Nf6 27. Bxf7+ Kf8 28. Bg6 Bc4 29. h6 Bh8 30. Qf4 Kg8 31. Re7 cxd4 32. Nh7 Qh3 33. Nxf6+ Bxf6 34. h7+ 1-0

[Event "Titled Tuesday intern op 18th Aug"]
[Site "Chess.com INT"]
[Date "2020.08.18"]
[Round "2"]
[White "Kraai, Jesse"]
[Black "Indjic, Aleksandar"]
[Result "0-1"]
[WhiteElo "2429"]
[BlackElo "2618"]
[PlyCount "58"]
[EventDate "2020.08.18"]
[EventType "swiss (blitz)"]
[EventRounds "10"]
[EventCountry "USA"]
[SourceTitle "CBM 197 Extra"]
[Source "ChessBase"]
[SourceDate "2020.09.30"]
[SourceVersion "1"]
[SourceVersionDate "2020.09.30"]
[SourceQuality "1"]

1. d4 Nf6 2. c4 e6 3. Nc3 Bb4 4. e3 0-0 5. Bd3 d5 6. Nge2 b6 7. 0-0 Bb7 8. cxd5 exd5 9. Nf4 Bd6 10. f3 Nbd7 11. Bd2 c5 12. Nce2 Re8 13. Kh1 Nf8 14. Rc1 Ng6 15. Nxg6 hxg6 16. Qa4 c4 17. Bb1 a6 18. Qd1 b5 19. a3 a5 20. Qe1 Qb6 21. Qh4 b4 22. axb4 axb4 23. Nf4 Rac8 24. Qg5 Be7 25. Qg3 Bf8 26. Rfe1 Qa5 27. Re2 Ba6 28. Rf2 c3 29. bxc3 bxc3 0-1

[Event "Titled Tuesday intern op 18th Aug"]
[Site "Chess.com INT"]
[Date "2020.08.18"]
[Round "7"]
[White "Nigmatov, Ortik"]
[Black "Kraai, Jesse"]
[Result "0-1"]
[WhiteElo "2447"]
[BlackElo "2429"]
[PlyCount "94"]
[EventDate "2020.08.18"]
[EventType "swiss (blitz)"]
[EventRounds "10"]
[EventCountry "USA"]
[SourceTitle "CBM 197 Extra"]
[Source "ChessBase"]
[SourceDate "2020.09.30"]
[SourceVersion "1"]
[SourceVersionDate "2020.09.30"]
[SourceQuality "1"]

1. e4 d6 2. d4 Nf6 3. Nc3 e5 4. Nf3 Nbd7 5. Bc4 Be7 6. 0-0 c6 7. a4 Qc7 8. h3 h6 9. Re1 g5 10. Qe2 Nf8 11. Nh2 Ng6 12. Be3 Rg8 13. f3 Nf4 14. Qd2 h5 15. Rad1 a5 16. Nf1 g4 17. Bxf4 gxf3 18. Bg5 Nh7 19. h4 Nxg5 20. hxg5 Bxg5 21. Qf2 Bg4 22. Nh2 Bf4 23. Nxg4 hxg4 24. g3 Bg5 25. dxe5 dxe5 26. Qc5 Be7 27. Qe3 Rh8 28. Rd2 b6 29. Rh2 0-0-0 30. Rxh8 Rxh8 31. Qf2 Bc5 32. Re3 Qd7 33. Ba6+ Kb8 34. Bd3 Qd6 35. Nd1 Qh6 36. Kf1 Qh1+ 37. Qg1 Rh2 38. b3 Qxg1+ 39. Kxg1 Rd2 40. Kf1 Rxd1+ 41. Re1 Rd2 42. Rb1 Rf2+ 43. Ke1 Rg2 44. Rd1 Rg1+ 45. Kd2 Be3+ 46. Kxe3 Rxd1 47. Be2 fxe2 0-1

[Event "Titled Tuesday intern op 11th Aug"]
[Site "Chess.com INT"]
[Date "2020.08.11"]
[Round "5"]
[White "Almeida Junior, Alvaro Alves de"]
[Black "Kraai, Jesse"]
[Result "0-1"]
[WhiteElo "2174"]
[BlackElo "2429"]
[PlyCount "96"]
[EventDate "2020.08.11"]
[EventType "swiss (blitz)"]
[EventRounds "10"]
[EventCountry "USA"]
[SourceTitle "CBM 197 Extra"]
[Source "ChessBase"]
[SourceDate "2020.09.30"]
[SourceVersion "1"]
[SourceVersionDate "2020.09.30"]
[SourceQuality "1"]

1. e4 d6 2. d4 Nf6 3. Nc3 e5 4. dxe5 dxe5 5. Qxd8+ Kxd8 6. Bg5 Be6 7. 0-0-0+ Nbd7 8. Nf3 Bd6 9. Nb5 Ke7 10. Nxd6 cxd6 11. Nd2 h6 12. Bxf6+ Nxf6 13. Bd3 Rac8 14. Kb1 Rc5 15. f3 Rhc8 16. c3 a6 17. Rhf1 b5 18. h3 Nh5 19. Rf2 Nf4 20. Bf1 h5 21. Nb3 R5c7 22. Nc1 h4 23. Ne2 Nh5 24. f4 f6 25. f5 Bf7 26. Ng1 Ng3 27. Nf3 Nxe4 28. Re2 Ng3 29. Red2 Nxf5 30. Bd3 Be6 31. Bxf5 Bxf5+ 32. Ka1 g5 33. Rxd6 Rd7 34. Rxd7+ Bxd7 35. Kb1 Bc6 36. Kc2 Rd8 37. Rf1 Ke6 38. Rf2 Be4+ 39. Kc1 Bg6 40. b3 Rd3 41. Kb2 Be4 42. Nd2 Bc6 43. c4 Rg3 44. cxb5 axb5 45. a4 bxa4 46. bxa4 Rxg2 47. Rxg2 Bxg2 48. a5 g4 0-1

[Event "Titled Tuesday intern op 11th Aug"]
[Site "Chess.com INT"]
[Date "2020.08.11"]
[Round "8"]
[White "Barseghyan, Armen Ar"]
[Black "Kraai, Jesse"]
[Result "1-0"]
[WhiteElo "2362"]
[BlackElo "2429"]
[PlyCount "65"]
[EventDate "2020.08.11"]
[EventType "swiss (blitz)"]
[EventRounds "10"]
[EventCountry "USA"]
[SourceTitle "CBM 197 Extra"]
[Source "ChessBase"]
[SourceDate "2020.09.30"]
[SourceVersion "1"]
[SourceVersionDate "2020.09.30"]
[SourceQuality "1"]

1. d4 d6 2. Nf3 Nd7 3. g3 e5 4. Nc3 Ngf6 5. e4 c6 6. Bg2 b5 7. a3 Be7 8. 0-0 Qc7 9. Re1 0-0 10. h3 Bb7 11. Be3 a6 12. Qd2 Rfe8 13. Nh4 g6 14. Nf3 Bf8 15. Bg5 Bg7 16. Rad1 Rad8 17. b4 Nb6 18. Bf1 exd4 19. Nxd4 c5 20. Nb3 Na4 21. Nxa4 bxa4 22. Na5 Ba8 23. Bg2 h6 24. Bxh6 Bxh6 25. Qxh6 Bxe4 26. Qf4 Bxg2 27. Kxg2 cxb4 28. axb4 Rxe1 29. Rxe1 Qc3 30. Re3 Qb2 31. Nc4 Qa1 32. Ra3 Qd4 33. Qxd4 1-0

[Event "Titled Tuesday intern op 11th Aug"]
[Site "Chess.com INT"]
[Date "2020.08.11"]
[Round "3"]
[White "Bluebaum, Matthias"]
[Black "Kraai, Jesse"]
[Result "1-0"]
[WhiteElo "2647"]
[BlackElo "2429"]
[PlyCount "119"]
[EventDate "2020.08.11"]
[EventType "swiss (blitz)"]
[EventRounds "10"]
[EventCountry "USA"]
[SourceTitle "CBM 197 Extra"]
[Source "ChessBase"]
[SourceDate "2020.09.30"]
[SourceVersion "1"]
[SourceVersionDate "2020.09.30"]
[SourceQuality "1"]

1. d4 d6 2. c4 e5 3. d5 f5 4. e4 Nf6 5. Nc3 g6 6. exf5 gxf5 7. f4 Bg7 8. Be2 0-0 9. Nf3 Qe7 10. 0-0 Nbd7 11. Kh1 Nc5 12. Be3 Nce4 13. Nxe4 Nxe4 14. Qc2 Bd7 15. Rae1 Rae8 16. Nd2 Qh4 17. Kg1 Kh8 18. Bd3 Nxd2 19. Qxd2 e4 20. Be2 Rf6 21. Rf2 Rg6 22. g3 Rg8 23. Rg2 Qf6 24. b3 Qc3 25. Qxc3 Bxc3 26. Rd1 Kg7 27. Kf2 Kf8 28. Bd4 Bxd4+ 29. Rxd4 Ke7 30. Rd1 R6g7 31. Ke3 c5 32. Rdg1 a6 33. a4 Be8 34. h3 h5 35. g4 hxg4 36. hxg4 Bd7 37. g5 Rh8 38. Rg3 Be8 39. a5 Rh2 40. R1g2 Rh1 41. Rg1 Rh4 42. Bf1 Bg6 43. Rh3 Rgh7 44. Rgh1 Rxh3+ 45. Rxh3 Rxh3+ 46. Bxh3 Kd7 47. Kd2 Kc7 48. Kc3 b6 49. b4 bxa5 50. bxa5 Kb7 51. Bf1 Ka7 52. Be2 Kb7 53. Kd2 Ka7 54. Ke1 Kb7 55. Kf2 Kc7 56. Kg3 Kd7 57. Bd1 Ke7 58. Ba4 Be8 59. Bc6 Kf8 60. Bb7 1-0

[Event "Titled Tuesday intern op 11th Aug"]
[Site "Chess.com INT"]
[Date "2020.08.11"]
[Round "7"]
[White "Kaasen, Tor Fredrik"]
[Black "Kraai, Jesse"]
[Result "1/2-1/2"]
[WhiteElo "2394"]
[BlackElo "2429"]
[PlyCount "81"]
[EventDate "2020.08.11"]
[EventType "swiss (blitz)"]
[EventRounds "10"]
[EventCountry "USA"]
[SourceTitle "CBM 197 Extra"]
[Source "ChessBase"]
[SourceDate "2020.09.30"]
[SourceVersion "1"]
[SourceVersionDate "2020.09.30"]
[SourceQuality "1"]

1. e4 d6 2. d4 Nf6 3. Bd3 e5 4. c3 d5 5. dxe5 dxe4 6. Bb5+ Bd7 7. Bc4 Ng4 8. Qd5 Be6 9. Qxe4 Bxc4 10. Qxc4 Nxe5 11. Qe2 Qe7 12. Be3 Nbc6 13. Nf3 0-0-0 14. Nxe5 Qxe5 15. Nd2 Bc5 16. Nf3 Qh5 17. g4 Qd5 18. Rd1 Qxd1+ 19. Qxd1 Rxd1+ 20. Kxd1 Bxe3 21. fxe3 Re8 22. Kd2 Ne5 23. Nxe5 Rxe5 24. Rf1 f6 25. h4 Kd7 26. Kd3 Ke6 27. e4 h5 28. Rg1 hxg4 29. Rxg4 Kf7 30. b4 a5 31. a4 b5 32. axb5 Rxb5 33. Kc4 c6 34. Rg1 axb4 35. cxb4 Rh5 36. Rg4 Re5 37. Kd4 Rb5 38. Kc4 Re5 39. Kd4 Rb5 40. Kc3 Re5 41. Kd4 1/2-1/2

[Event "Titled Tuesday intern op 11th Aug"]
[Site "Chess.com INT"]
[Date "2020.08.11"]
[Round "4"]
[White "Kraai, Jesse"]
[Black "Esipenko, Andrey"]
[Result "0-1"]
[WhiteElo "2429"]
[BlackElo "2682"]
[PlyCount "154"]
[EventDate "2020.08.11"]
[EventType "swiss (blitz)"]
[EventRounds "10"]
[EventCountry "USA"]
[SourceTitle "CBM 197 Extra"]
[Source "ChessBase"]
[SourceDate "2020.09.30"]
[SourceVersion "1"]
[SourceVersionDate "2020.09.30"]
[SourceQuality "1"]

1. Nf3 d5 2. c4 e6 3. g3 Nf6 4. Bg2 dxc4 5. Qa4+ Nbd7 6. Qxc4 a6 7. Qb3 c5 8. 0-0 Rb8 9. Nc3 b5 10. d4 Bb7 11. Bf4 Rc8 12. Rfd1 Qb6 13. Be3 Ng4 14. d5 Nxe3 15. dxe6 fxe6 16. fxe3 Be7 17. Qc2 c4 18. Kh1 Nf6 19. Nd4 Bxg2+ 20. Kxg2 0-0 21. Kg1 Ng4 22. Qe4 Nf2 23. Qxe6+ Qxe6 24. Nxe6 Nxd1 25. Rxd1 Rf6 26. Nd4 Bc5 27. Ne4 Bxd4 28. Rxd4 Re6 29. Kg2 Rce8 30. Kf3 h6 31. h4 Rf8+ 32. Kg2 Kh7 33. g4 Rc8 34. Kf3 b4 35. Nd6 Rf8+ 36. Nf5 c3 37. bxc3 bxc3 38. h5 Rc6 39. Rd1 Rd8 40. Rc1 Rd2 41. a3 c2 42. Nd4 Rc3 43. Ke4 Rxa3 44. Rxc2 Rxc2 45. Nxc2 Ra2 46. Nd4 a5 47. Kd5 a4 48. Kc4 Rb2 49. Kc3 a3 50. Nc2 Kg8 51. Nxa3 Rxe2 52. Nc4 Rg2 53. Ne5 Kf8 54. Kd4 Ke7 55. Ke4 Ke6 56. Kf4 Rf2+ 57. Nf3 Kd5 58. e4+ Ke6 59. Ke3 Ra2 60. Kf4 Ra4 61. Nd2 Kd6 62. Nb3 Rb4 63. Nd2 Kc5 64. Nf3 Kc4 65. Kf5 Kd3 66. Ne5+ Ke3 67. g5 hxg5 68. Ng4+ Kf3 69. Ne5+ Kg3 70. Kxg5 Rxe4 71. Nc6 Rg4+ 72. Kf5 Kh4 73. Ne5 Rg5+ 74. Kf4 Rxe5 75. Kxe5 Kxh5 76. Kf4 Kh4 77. Kf5 g5 0-1